| 000 | 01374nam0a22002651 4500 | ||
|---|---|---|---|
| 001 | rc\3378624 | ||
| 005 | 20250609223220.0 | ||
| 021 |
_aRU _b[69-10603] |
||
| 035 | _a(NLR Aleph) 007533070 | ||
| 090 |
_a7760981 _c7760981 |
||
| 100 | _a20130115d1969 |||y0rusy50 ca | ||
| 101 | 0 | _arus | |
| 102 | _aRU | ||
| 105 | _ay z ||||| | ||
| 200 | 1 |
_aТезисы докладов _fМоск. гор. правл. НТО Приборпром. НИИ метрологии высш. учеб. заведений. Моск. станкоинструм. ин-т. Науч.-техн. конференция "Автоматизация оптич. методов измерения и отсчета координат". Москва, 4-6 февр. 1969 г. |
|
| 210 |
_aМосква _cБ. и. _d1969 |
||
| 215 |
_a46 с. _d20 |
||
| 606 |
_aКонтрольно-измерительные инструменты и приборы, фотоэлектрические _jТезисы докладов _2psbo |
||
| 710 | 1 | 2 |
_a"Автоматизация оптических методов измерения и отсчета координат", научно-техническая конференция _eМосква _f1969 _9513794 _3RU\NLR\AUTH\880424627 |
| 801 | 0 |
_aRU _bNLR _gpsbo |
|
| 801 | 1 |
_aRU _bELAR _2rusmarc |
|
| 852 |
_aNLR _j69-4/5651 |
||
| 942 | _cBOOK | ||
| 980 | _aNB | ||